000 01362nam a2200313Ia 4500
005 20220317001147.0
008 160825s2009 ck a g 000 0 spa
020 _a97895804122012
100 1 _aInkiow, Dimiter
_d1932-
245 1 0 _aYo y mi hermana Clara
_cDimiter Inkiow ; ilustrado porTraudl y Walter Reiner ; traducido por Federico Schopf
250 _a1a. edición
300 _a101 páginas
_bilustraciones en blanco y negro
_c19 cm
490 _aTorre de papel
_proja
500 _aTítulo original de la obra: ich und meine schwester Klara
505 _aLa torta -- El tio Toni -- El bebé -- De cómo Clara quería hacer rica a toda la gente -- La historia de la olla de leche -- De cómo Clara le enseñó a la tía -- Flora... -- El diente |t El corte de pelo -- La sopa -- Nuestro perrito Sabueso
650 1 4 _2LEMB
_aNovela juvenil búlgara
_ySiglo XX
650 1 4 _2LEMB
_aLiteratura juvenil búlgara
_ySiglo XX
650 1 4 _2LEMB
_aFamilia en la literatura
650 1 4 _2LEMB
_aNiños en la literatura
700 1 _aTraudl Reinert, Walter
_966985
700 1 _aSchopt, Federico
_966986
942 _2loc
_cBKLIT
264 _aBogotá
_bNorma
_c2009
336 _atexto
_btxt
_2rdacontent
337 _asin mediación
_bn
_2rdamedia
338 _avolumen
_bnc
_2rdacarrier
040 _aCO-BoRNBP
_bspa
_erda
_cCO-BoRNBP
084 _aN INK1
999 _c6111
_d6111